Huncútstva stváral odmalička, ale kľučky pastou nenatieral úspešný autor kresleného humoru Ladislav Tverďák si svoj najlepší vtip nestihol zaznamenať

Bibliographic Details
Format: Article
Language:Slovak
PhysicalDescription:Fotogr.
ISSN:1336-5320
Subjects:

MARC

LEADER 00000nab a2200000 a 4500
001 vtls010475335
003 SK-MaSNL
005 20260411035639.0
008 121129 2011 xo r r 000 0 slo
038 |a KEVKJB 
040 |a KEVKJB  |b slo  |c KEVKJB  |e AACR2 
041 0 |a slo 
044 |a xo  |c SK 
080 |a 741.5  |2 2001 
245 1 0 |a Huncútstva stváral odmalička, ale kľučky pastou nenatieral  |b úspešný autor kresleného humoru Ladislav Tverďák si svoj najlepší vtip nestihol zaznamenať  |c Andrea Nitkulincová 
300 |b Fotogr. 
600 1 7 |a Tverďák, Ladislav,  |d 1944-  |2 kevkjb  |9 446665 
650 0 7 |a kreslený humor  |2 kevkjb  |9 1766 
651 7 |a Košice (Slovensko)  |2 kevkjb  |9 18694 
773 0 |t Košický večer  |g Roč. 21(43), č. 13 (1.4.2011), s. 21  |x 1336-5320 
852 |a KEVKJB  |b KIS3GCP 
958 |a BX 
999 |c 1817596  |d 1819526